000 00332nam a2200145Ia 4500
999 _c31507
_d31507
003 OSt
005 20250530163126.0
008 250310s9999||||xx |||||||||||||| ||und||
040 _c.
082 _a813.54
_bS5443
100 _95865
_aSheldon, Sidney
245 0 _aIf Tomorrow /
_cSidney Sheldon
300 _a408 p.
942 _cBK
_2ddc